Find Five 'N' Things Quiz Stats

 Plays Quiz Updated Jun 10, 2016

Challenge
Share
Tweet
Embed
Score 0/50 Timer 05:00
22 Plays Today
% Correct
Norway
95.2%
Nepal
94.7%
Namibia
93%
Nein
91.9%
Non
90.8%
Nottingham
90.6%
Nanny McPhee
90.6%
Nitrogen
90.5%
Nej
90.3%
Não
89.9%
Nagasaki
89.3%
Niger
89.3%
Northampton
88.7%
Nee
88.7%
Napoleon Dynamite
88.4%
Newcastle
88.1%
Nickel
87.7%
Nightingale
87.6%
Nine Inch Nails
87.5%
Nobelium
87.3%
Neon
86.8%
Neptunium
86.5%
Nirvana
86.1%
Nancy Drew
84.8%
Norwich
84.5%
% Correct
Nanjing
84.3%
Nehemiah
83.7%
New York Dolls
83.3%
No Doubt
82.9%
New Delhi
82.6%
Newport
78.7%
Northern Cardinal
78.4%
Naomi
78%
Nathan
77.3%
Neville
77.2%
Nacho Libre
75.6%
NOFX
74.9%
Nuthatch
73.8%
Nagano
71.1%
Nightjar
70.8%
Norbert
69.9%
Nicolas
68.7%
Nha Trang
66.2%
Nauru
66%
Narcissa
61.8%
Naaman
57.9%
Naphtali
55%
Nymphadora
52.7%
Norbit
50.5%
Neddicky
48.9%

You're not logged in!

Compare scores with friends on all Sporcle quizzes.
OR
Log In

You Might Also Like...

Show Comments

Extras

Top Quizzes Today


Score Distribution

Your Account Isn't Verified!

In order to create a playlist on Sporcle, you need to verify the email address you used during registration. Go to your Sporcle Settings to finish the process.

Report this User

Report this user for behavior that violates our Community Guidelines.

Details: